Movies Quiz

Random Movies or Disney Quiz

Disney Films by US President Quiz Stats

 Plays Quiz Updated May 13, 2019

Score 0/13 Timer 10:00
2 Plays Today
President Disney Films % Correct
Franklin D. RooseveltSnow White and the Seven Dwarfs
97.4%
Harry S TrumanMake Mine Music
81.6%
Bill ClintonThe Lion King
80.3%
Barack ObamaThe Princess and the Frog
79.2%
George H.W. BushThe Little Mermaid
78.1%
Dwight D. EisenhowerPeter Pan
72.8%
Ronald ReaganThe Fox and the Hound
53.6%
George W. BushAtlantis: The Lost Empire
53.3%
Richard NixonThe Aristocats
52%
Lyndon B. JohnsonThe Sword in the Stone
51.6%
Jimmy CarterThe Many Adventures of Winnie the Pooh
41.8%
John F. Kennedy101 Dalmatians
38.5%
Donald TrumpRalph Breaks the Internet
34.9%

You're not logged in!

Compare scores with friends on all Sporcle quizzes.
OR
Log In

Show Comments

Extras

Top Quizzes Today


Score Distribution

Your Account Isn't Verified!

In order to create a playlist on Sporcle, you need to verify the email address you used during registration. Go to your Sporcle Settings to finish the process.

Report this User

Report this user for behavior that violates our Community Guidelines.

Details: